000
00327nam a22001337a 4500
008
171018b xxu||||| |||| 00| 0 eng d
020
_a
x00079vbdp
041
_a
eng
080
_a
338
100
_a
53
101
_a
MEN
245
_a
LEADING AND MANAGING CREATORS, INVENTORS, AND INNOVATORS
_c
CARAYANNIS,E.G
942
_2
udc
_c
BK
999
_c
34724
_d
34724